الرق والرقيق عبر العصور / (رقم التسجيلة. 136024)

تفاصيل مارك
000 -الفاتح
عناصر البيانات ثابتة الطول 00680cam a2200181 i 4500
005 - تاريخ ووقت آخر معاملة
حقل ضبط 20260203084816.0
008 - عناصر البيانات ثابتة الطول
عناصر البيانات ثابتة الطول 250721s2016 jo gr 000 0 ara d
082 14 - رقم تصنيف ديوي العشري
رقم التصنيف 380.144
رقم المادة ح ت ا
100 1# - مدخل رئيسي – اسم شخصي
الاسم الشخصي حتاملة، محمد عبده طالب
علاقة الشخص بالعمل/ دوره مؤلف.
245 12 - بيان العنوان
العنوان الرق والرقيق عبر العصور /
بيان المسؤولية الاستاذ الدكتور محمد عبده طالب حتاملة.
246 10 - الأشكال المختلفة للعنوان
العنوان الفعلي/العنوان المختصر ٍSlavery and slaves over the ages
264 31 - بيانات النشر، التوزيع…إلخ
مكان النشر، التوزيع...إلخ عمان :
اسم الناشر، الموزع...إلخ محمد عبده طالب حتاملة،
تاريخ النشر، التوزيع...إلخ 2016.
300 ## - الوصف المادي
عدد الوحدات المكونة للوعاء 686 صفحة.
650 17 - مدخل إضافي بالموضوع - مصطلح موضوعي
مصطلح موضوعي أو اسم جغرافي كعنصر مدخل الرق.
650 17 - مدخل إضافي بالموضوع - مصطلح موضوعي
مصطلح موضوعي أو اسم جغرافي كعنصر مدخل إنتهاك حقوق الإنسان.
942 ## - بيانات إضافية (كوها)
نوع التنصيف Dewey Decimal Classification
نوع المادة (كوها) كتب
المقتنيات
حالة السحب حالة الفقدان مصدر التصنيف حالة التلف غير قابل للإعارة المكتبة الرئيسية المكتبة الحالية موقع الرف تاريخ التزويد الرقم المتسلسل Total Checkouts رقم الإستدعاء الباركود تاريخ آخر ظهور تاريخ الفاتورة نوع المادة (كوها)
    Dewey Decimal Classification     المكتبة المركزية المكتبة المركزية الإعارة 28/07/2025 1655855   380.144 / ح ت ا PLD00403437 28/07/2025 28/07/2025 كتب
    Dewey Decimal Classification     المكتبة المركزية المكتبة المركزية الإعارة 16/02/2017 1655856   380.144 / ح ت ا PLD00403438 28/07/2025 16/02/2017 كتب
    Dewey Decimal Classification     مكتبة أبو علندا العامة مكتبة أبو علندا العامة الإعارة 16/02/2017 1655861   380.144/حتا PLD00403443 28/07/2025 16/02/2017 كتب
    Dewey Decimal Classification     مكتبة الاميرة بديعة مكتبة الاميرة بديعة الإعارة 16/02/2017 1655862   380.144/حتا PLD00403444 28/07/2025 16/02/2017 كتب
    Dewey Decimal Classification     مكتبة الجويدة مكتبة الجويدة الإعارة 16/02/2017 1655864   380.144/حتا PLD00403446 28/07/2025 16/02/2017 كتب
    Dewey Decimal Classification     مكتبة بيت السينما مكتبة بيت السينما الإعارة 01/10/2018 1689734   380.144/حتا PLD00434864 28/07/2025 01/10/2018 كتب
    Dewey Decimal Classification     مكتبة حمزة العامة مكتبة حمزة العامة الإعارة 16/02/2017 1655863   380.144/حتا PLD00403445 28/07/2025 16/02/2017 كتب
    Dewey Decimal Classification     مكتبة صويلح العامة مكتبة صويلح العامة الإعارة 16/02/2017 1655857   380.144/حتا PLD00403439 28/07/2025 16/02/2017 كتب
    Dewey Decimal Classification     مكتبة وادي السير العامة مكتبة وادي السير العامة الإعارة 16/02/2017 1655859   380.144/حتا PLD00403441 28/07/2025 16/02/2017 كتب
Implemented & Customized by: BBB with SCIT (Smart Chains for Information Technology)

Powered by Koha